| 000 | 00543nam a22001577a 4500 | ||
|---|---|---|---|
| 005 | 20120319121344.0 | ||
| 020 |
_a8170585872 _c60.00 |
||
| 035 | _aB-84061 | ||
| 037 |
_aDPL _bENG |
||
| 100 |
_aNirodbaran _943917 |
||
| 245 |
_aMemorable contacts with the mother / _cby Nirodbaran |
||
| 260 |
_aPondicherry _bSri Aurobindo Ashram _c2003 |
||
| 300 |
_a190p. _c16 cms. |
||
| 942 |
_2ddc _cEN _h181.499 _mNIR |
||
| 999 |
_c64124 _d64124 |
||